| 000 | 00000nam 2200000zi 4500 |
| 001 | 9.945694 |
| 003 | CaOODSP |
| 005 | 20241128093135 |
| 006 | m o d f |
| 007 | cr |n||||||||| |
| 008 | 241128s1983 onc o f000 0 fre d |
| 040 | |aCaOODSP|bfre|erda|cCaOODSP |
| 043 | |an-cn--- |
| 086 | 1 |aZ1-1983/1-31-3F-PDF |
| 110 | 2 |aCommission royale sur l'union économique et les perspectives de développement du Canada.|eauteur. |
| 245 | 14|aLes points saillants du rapport / |cCommission royale sur l'union économique et les perspectives de développement du Canada. |
| 264 | 1|a[Ottawa] : |bCommission royale sur l'union économique et les perspectives de développement du Canada, |c[1983] |
| 300 | |a1 ressource en ligne (37 pages) |
| 336 | |atexte|btxt|2rdacontent/fre |
| 337 | |ainformatique|bc|2rdamedia/fre |
| 338 | |aressource en ligne|bcr|2rdacarrier/fre |
| 500 | |aÉdition numérisée de l'imprimée [par Direction des publications du Gouvernement du Canada]. |
| 500 | |aPublié aussi en anglais sous le titre : Report highlights. |
| 650 | 6|aPrévision économique|zCanada. |
| 651 | 6|aCanada|zPolitique économique. |
| 651 | 6|aCanada|xConditions économiques. |
| 710 | 1 |aCanada. |bBureau du Conseil privé, |eorganisme de publication. |
| 775 | 08|tReport highlights / |w(CaOODSP)9.945180 |
| 856 | 40|qPDF|s1.36 Mo|uhttps://publications.gc.ca/collections/collection_2024/bcp-pco/Z1-1983-1-31-3-fra.pdf |